00636nam a2200157 a 450000500170000000800410001702000180005805000220007610000190009824500880011726000530020530000220025852001600028065000150044065000230045520140412111259.0010423s19uu xx 00 eng d a0-7214-7385-7 aM 833.8bS69 1998 aSpyri, Johanna aHeidi /cby Johanna Spyri; retold by Alison Ainsworth ; illustrated by Nick Harris. aLeicestershire, UK :bLadybird Books Ltd,c1998. a1v. (unp.) ; ill. aHeidi loves living in the Alps with her Grandfather, and his thoroughly miserable when she taken to Frankfurt to be compananion for an invalid named Clara. aFolk Tales aChildren's stories